[Event "US Masters op"]
[Site "Hawaii"]
[Date "1998.??.??"]
[Round "4"]
[White "Ashley, Maurice"]
[Black "Crispin, Thomas A"]
[Result "1-0"]
[WhiteElo "2500"]
[BlackElo "2190"]
[PlyCount "107"]
[EventDate "1998.07.??"]
[EventType "swiss"]
[EventRounds "9"]
[EventCountry "USA"]
[SourceTitle "EXT 1999"]
[Source "ChessBase"]
[SourceDate "1998.11.16"]
[SourceVersion "1"]
[SourceVersionDate "1998.11.16"]
[SourceQuality "1"]

1. e4 e5 2. Nf3 Nf6 3. Nxe5 d6 4. Nf3 Nxe4 5. c4 Be7 6. Nc3 Nxc3 7. dxc3 Nd7 8.
Be2 O-O 9. O-O Ne5 10. Nd4 c5 11. Nc2 f5 12. f4 Nd7 13. Bf3 Nf6 14. Qd3 g6 15.
Ne3 Re8 16. Nd5 Bf8 17. Nxf6+ Qxf6 18. Bd2 Be6 19. Bxb7 Rab8 20. Bc6 Rec8 21.
Bb5 Qf7 22. b3 Qb7 23. Rad1 Bf7 24. Be1 d5 25. Bh4 a6 26. Ba4 dxc4 27. bxc4 Bg7
28. Bd7 Rc7 29. Rb1 Qa7 30. Ba4 Rcb7 31. Rb3 Rxb3 32. axb3 Qb6 33. Re1 Bf6 34.
Bxf6 Qxf6 35. Rd1 Rb6 36. Qd8+ Kg7 37. Qxf6+ Kxf6 38. Rd8 Be6 39. Kf2 Ke7 40.
Rh8 h5 41. Ra8 Rd6 42. Ra7+ Kd8 43. Rg7 Rd2+ 44. Kg3 Ra2 45. Bc6 Ra3 46. Rxg6
Ke7 47. Ba4 Bxc4 48. Rc6 Bxb3 49. Bxb3 Rxb3 50. Rxc5 Ra3 51. Rxf5 Rxc3+ 52. Kh4
Rc2 53. Kh3 h4 54. Ra5 1-0

[Event "US Masters op"]
[Site "Hawaii"]
[Date "1998.07.27"]
[Round "7"]
[White "Ashley, Maurice"]
[Black "Zaremba, Andrie"]
[Result "1-0"]
[WhiteElo "2490"]
[BlackElo "2245"]
[PlyCount "45"]
[EventDate "1998.07.??"]
[EventType "swiss"]
[EventRounds "9"]
[EventCountry "USA"]
[SourceTitle "EXT 1999"]
[Source "ChessBase"]
[SourceDate "1998.11.16"]
[SourceVersion "1"]
[SourceVersionDate "1998.11.16"]
[SourceQuality "1"]

1. e4 c6 2. c4 d5 3. exd5 cxd5 4. cxd5 Qxd5 5. Nc3 Qd8 6. Bc4 Nf6 7. Nf3 e6 8.
O-O Be7 9. d4 O-O 10. Qe2 Nbd7 11. Re1 Nb6 12. Bb3 Nbd5 13. Ne5 Nxc3 14. bxc3
Qc7 15. Qf3 Bd7 16. Qh3 Rad8 17. Bc2 g6 18. Bh6 Rfe8 19. Bb3 Qd6 20. Rad1 b5
21. Qf3 Qb6 22. g4 g5 23. h4 1-0

[Event "US Masters op"]
[Site "Hawaii"]
[Date "1998.07.29"]
[Round "9"]
[White "Ashley, Maurice"]
[Black "Deng, Kong Liang"]
[Result "1-0"]
[WhiteElo "2490"]
[BlackElo "2415"]
[PlyCount "37"]
[EventDate "1998.07.??"]
[EventType "swiss"]
[EventRounds "9"]
[EventCountry "USA"]
[SourceTitle "EXT 1999"]
[Source "ChessBase"]
[SourceDate "1998.11.16"]
[SourceVersion "1"]
[SourceVersionDate "1998.11.16"]
[SourceQuality "1"]

1. e4 g6 2. d4 c6 3. c4 d5 4. cxd5 cxd5 5. exd5 Nf6 6. Bb5+ Nbd7 7. Nc3 Bg7 8.
d6 e6 9. d5 e5 10. Nf3 O-O 11. O-O Ne8 12. Re1 f6 13. Ne4 Nb6 14. Be3 Nxd6 15.
Nxd6 Qxd6 16. Rc1 Qxd5 17. Bc4 Qxc4 18. Rxc4 Nxc4 19. Qd5+ 1-0

[Event "New York Manhattan"]
[Site "New York"]
[Date "1998.10.08"]
[Round "1"]
[White "Ashley, Maurice"]
[Black "Robovic, Saudin"]
[Result "1-0"]
[WhiteElo "2490"]
[BlackElo "2330"]
[PlyCount "85"]
[EventDate "1998.10.??"]
[EventType "tourn"]
[EventRounds "9"]
[EventCountry "USA"]
[EventCategory "8"]
[SourceTitle "EXT 1999"]
[Source "ChessBase"]
[SourceDate "1998.11.16"]
[SourceVersion "1"]
[SourceVersionDate "1998.11.16"]
[SourceQuality "1"]

1. e4 c5 2. Nf3 d6 3. d4 cxd4 4. Nxd4 Nf6 5. Nc3 a6 6. Be3 e6 7. f3 Be7 8. Qd2
Nc6 9. O-O-O Qc7 10. g4 Nd7 11. g5 Nc5 12. h4 Rb8 13. h5 b5 14. Nxc6 Qxc6 15.
Ne2 b4 16. Kb1 Na4 17. b3 Nc5 18. Nd4 Qc7 19. Bg2 a5 20. f4 a4 21. e5 axb3 22.
cxb3 Bd7 23. exd6 Qxd6 24. Nc6 Bxc6 25. Qxd6 Bxd6 26. Bxc6+ Ke7 27. Bxc5 Bxc5
28. Rd7+ Kf8 29. Rhd1 Be7 30. Ra7 Bc5 31. Rc7 Bb6 32. Rcd7 Rc8 33. Rb7 Rxc6 34.
Rb8+ Ke7 35. Rxh8 Be3 36. Rxh7 Bxf4 37. Rxg7 Kf8 38. h6 Be5 39. Rd8+ Ke7 40.
Ra8 Rc3 41. Ra7+ Kd6 42. Rgxf7 Rg3 43. Ra6+ 1-0

[Event "New York Manhattan"]
[Site "New York"]
[Date "1998.10.09"]
[Round "2"]
[White "Vulicevic, Nenad"]
[Black "Ashley, Maurice"]
[Result "0-1"]
[WhiteElo "2370"]
[BlackElo "2490"]
[PlyCount "58"]
[EventDate "1998.10.??"]
[EventType "tourn"]
[EventRounds "9"]
[EventCountry "USA"]
[EventCategory "8"]
[SourceTitle "EXT 1999"]
[Source "ChessBase"]
[SourceDate "1998.11.16"]
[SourceVersion "1"]
[SourceVersionDate "1998.11.16"]
[SourceQuality "1"]

1. Nf3 c5 2. c4 Nc6 3. g3 e5 4. Nc3 g6 5. Bg2 Bg7 6. O-O Nge7 7. d3 O-O 8. a3
d6 9. Rb1 a5 10. Ne1 Be6 11. Nc2 d5 12. cxd5 Nxd5 13. Ne4 Qb6 14. Ng5 Nc3 15.
Qe1 Nxb1 16. Nxe6 fxe6 17. Be3 Nd4 18. Bxd4 cxd4 19. Qxb1 Rac8 20. Ne1 Qb3 21.
Bh3 Rc5 22. Nf3 Bh6 23. Qd1 Qxb2 24. Bxe6+ Kh8 25. a4 Rc1 26. Qb3 Qxe2 27. Rxc1
Bxc1 28. Bd5 Be3 29. fxe3 dxe3 0-1

[Event "New York Manhattan"]
[Site "New York"]
[Date "1998.10.10"]
[Round "3"]
[White "Ashley, Maurice"]
[Black "Ady, Jonathan James"]
[Result "1/2-1/2"]
[WhiteElo "2490"]
[BlackElo "2395"]
[PlyCount "25"]
[EventDate "1998.10.??"]
[EventType "tourn"]
[EventRounds "9"]
[EventCountry "USA"]
[EventCategory "8"]
[SourceTitle "EXT 1999"]
[Source "ChessBase"]
[SourceDate "1998.11.16"]
[SourceVersion "1"]
[SourceVersionDate "1998.11.16"]
[SourceQuality "1"]

1. d4 Nf6 2. c4 g6 3. Nc3 d5 4. cxd5 Nxd5 5. Bd2 Nb6 6. Nf3 Bg7 7. e4 Bg4 8.
Be3 O-O 9. Be2 Bxf3 10. Bxf3 Nc6 11. d5 Ne5 12. Be2 c6 13. Qb3 1/2-1/2

[Event "New York Manhattan"]
[Site "New York"]
[Date "1998.10.14"]
[Round "7"]
[White "Ashley, Maurice"]
[Black "Stripunsky, Alexander"]
[Result "1/2-1/2"]
[WhiteElo "2490"]
[BlackElo "2520"]
[PlyCount "87"]
[EventDate "1998.10.??"]
[EventType "tourn"]
[EventRounds "9"]
[EventCountry "USA"]
[EventCategory "8"]
[SourceTitle "EXT 1999"]
[Source "ChessBase"]
[SourceDate "1998.11.16"]
[SourceVersion "1"]
[SourceVersionDate "1998.11.16"]
[SourceQuality "1"]

1. e4 c5 2. Nf3 e6 3. d4 cxd4 4. Nxd4 Qb6 5. Nb3 Qc7 6. Bd3 Ne7 7. Nc3 a6 8.
O-O Ng6 9. f4 b5 10. Be3 Bb7 11. Qh5 Nc6 12. Rae1 Bd6 13. Kh1 Nce7 14. f5 Ne5
15. Bxb5 exf5 16. Bd3 g6 17. Qh4 Nxd3 18. cxd3 f4 19. Bxf4 Bxf4 20. Rxf4 O-O
21. Ref1 Rae8 22. Nd4 Qb6 23. Qf2 f5 24. Nxf5 Qxf2 25. Nxe7+ Rxe7 26. R1xf2
Rxf4 27. Rxf4 d5 28. Kg1 dxe4 29. dxe4 Kg7 30. h4 h6 31. Kf2 g5 32. hxg5 hxg5
33. Rf5 Kg6 34. Ra5 Rf7+ 35. Ke2 Kh5 36. Nd5 Kh4 37. Ra3 g4 38. b4 Bc6 39. g3+
Kh3 40. Re3 Bb5+ 41. Kd2 Rf2+ 42. Kc3 Rxa2 43. Kd4 Rf2 44. Nf4+ 1/2-1/2

[Event "New York Manhattan"]
[Site "New York"]
[Date "1998.10.15"]
[Round "8"]
[White "Waitzkin, Joshua"]
[Black "Ashley, Maurice"]
[Result "1/2-1/2"]
[WhiteElo "2480"]
[BlackElo "2490"]
[PlyCount "73"]
[EventDate "1998.10.??"]
[EventType "tourn"]
[EventRounds "9"]
[EventCountry "USA"]
[EventCategory "8"]
[SourceTitle "EXT 1999"]
[Source "ChessBase"]
[SourceDate "1998.11.16"]
[SourceVersion "1"]
[SourceVersionDate "1998.11.16"]
[SourceQuality "1"]

1. e4 c5 2. Nf3 d6 3. d4 Nf6 4. Nc3 cxd4 5. Nxd4 a6 6. Be2 g6 7. O-O Bg7 8. Re1
O-O 9. Bf1 Nc6 10. Nb3 Bd7 11. Nd5 Rc8 12. Bg5 Nxd5 13. exd5 Ne5 14. c3 Re8 15.
Re4 a5 16. a4 h6 17. Bc1 e6 18. dxe6 Bxe6 19. Bb5 Re7 20. h3 Nc6 21. Re2 Qc7
22. Bf4 Ne5 23. Nd4 Bc4 24. Rd2 Rd8 25. Qc2 d5 26. Bg3 Bxb5 27. axb5 Bf6 28.
Qa4 Rde8 29. Nb3 Qc4 30. Bxe5 Rxe5 31. Qxc4 dxc4 32. Nxa5 Ra8 33. Rdd1 Rc5 34.
Nxb7 Rxa1 35. Rxa1 Rxb5 36. Ra6 Bg7 37. Ra8+ 1/2-1/2

[Event "Philadelphia National op 29th"]
[Site "Philadelphia"]
[Date "1998.11.29"]
[Round "6"]
[White "Rajlich, Vasik G"]
[Black "Ashley, Maurice"]
[Result "0-1"]
[WhiteElo "2270"]
[BlackElo "2490"]
[PlyCount "46"]
[EventDate "1998.11.??"]
[EventType "swiss"]
[EventRounds "6"]
[EventCountry "USA"]
[SourceTitle "EXT 2000"]
[Source "ChessBase"]
[SourceDate "1999.11.16"]
[SourceVersion "1"]
[SourceVersionDate "1999.11.16"]
[SourceQuality "1"]

1. e4 c5 2. Nf3 d6 3. d4 cxd4 4. Nxd4 Nf6 5. Nc3 a6 6. Bg5 e6 7. f4 Qb6 8. Qd2
Qxb2 9. Rb1 Qa3 10. f5 Nc6 11. fxe6 fxe6 12. Nxc6 bxc6 13. e5 dxe5 14. Bxf6
gxf6 15. Ne4 Be7 16. Be2 h5 17. O-O f5 18. Bf3 Ra7 19. Rb8 Rc7 20. Qf2 Qa5 21.
Qg3 fxe4 22. Qg6+ Kd8 23. Qxe6 Qb6+ 0-1

[Event "Marshall CC Winter"]
[Site "New York"]
[Date "1998.12.12"]
[Round "1"]
[White "Ady, Jonathan James"]
[Black "Ashley, Maurice"]
[Result "1/2-1/2"]
[WhiteElo "2395"]
[BlackElo "2490"]
[PlyCount "85"]
[EventDate "1998.12.??"]
[EventType "tourn"]
[EventRounds "9"]
[EventCountry "USA"]
[EventCategory "7"]
[SourceTitle "EXT 2000"]
[Source "ChessBase"]
[SourceDate "1999.11.16"]
[SourceVersion "1"]
[SourceVersionDate "1999.11.16"]
[SourceQuality "1"]

1. e4 c5 2. Nf3 d6 3. d4 cxd4 4. Nxd4 Nf6 5. Nc3 a6 6. Bg5 e6 7. f4 Qb6 8. Qd2
Qxb2 9. Rb1 Qa3 10. Be2 Nbd7 11. O-O Qc5 12. Na4 Qa7 13. Bxf6 gxf6 14. Kh1 h5
15. f5 e5 16. Ne6 fxe6 17. fxe6 Nc5 18. Nb6 Bxe6 19. Rxf6 Be7 20. Qg5 Kd8 21.
Qg6 Rg8 22. Qh6 Bxf6 23. Qxf6+ Kc7 24. Qe7+ Nd7 25. Nxa8+ Rxa8 26. Qxe6 Rf8 27.
Bxh5 Qf2 28. h3 Qxc2 29. Rd1 Rf6 30. Qe7 Qc4 31. Bg4 Qf7 32. Rc1+ Kb8 33. Qxd7
Rf1+ 34. Rxf1 Qxf1+ 35. Kh2 Qf4+ 36. Kg1 Qe3+ 37. Kf1 Qc1+ 38. Kf2 Qd2+ 39. Be2
Qf4+ 40. Bf3 Qd2+ 41. Be2 Qf4+ 42. Kg1 Qe3+ 43. Kf1 1/2-1/2

[Event "Marshall CC Winter"]
[Site "New York"]
[Date "1998.12.20"]
[Round "9"]
[White "Robovic, Saudin"]
[Black "Ashley, Maurice"]
[Result "0-1"]
[WhiteElo "2330"]
[BlackElo "2490"]
[PlyCount "64"]
[EventDate "1998.12.??"]
[EventType "tourn"]
[EventRounds "9"]
[EventCountry "USA"]
[EventCategory "7"]
[SourceTitle "EXT 2000"]
[Source "ChessBase"]
[SourceDate "1999.11.16"]
[SourceVersion "1"]
[SourceVersionDate "1999.11.16"]
[SourceQuality "1"]

1. e4 c5 2. Nf3 d6 3. d4 cxd4 4. Nxd4 Nf6 5. Nc3 a6 6. Bc4 e6 7. Bb3 b5 8. O-O
b4 9. Na4 Bd7 10. f4 Nc6 11. f5 e5 12. Ne6 fxe6 13. fxe6 Bc8 14. Bg5 Be7 15.
Bxf6 Bxf6 16. Rxf6 Qxf6 17. Qd5 Bb7 18. Nc5 Rf8 19. Qd2 O-O-O 20. Nxb7 Kxb7 21.
Bd5 Kc7 22. a3 Qf4 23. Qe2 bxa3 24. Qxa6 Qf2+ 25. Kh1 Qb6 26. Qxb6+ Kxb6 27.
Bxc6 axb2 28. Rb1 Kxc6 29. e7 Rb8 30. exf8=Q Rxf8 31. Kg1 Rb8 32. Kf2 Kc5 0-1

[Event "Mermaid Beach Club"]
[Site "Bermuda"]
[Date "1999.01.24"]
[Round "4"]
[White "Ashley, Maurice"]
[Black "Arizmendi Martinez, Julen Luis"]
[Result "0-1"]
[WhiteElo "2473"]
[BlackElo "2472"]
[Annotator "Psakhis,L"]
[PlyCount "42"]
[EventDate "1999.01.21"]
[EventType "tourn"]
[EventRounds "13"]
[EventCountry "BER"]
[EventCategory "9"]
[SourceTitle "CBM 069"]
[Source "ChessBase"]
[SourceDate "1999.04.01"]
[SourceVersion "1"]
[SourceVersionDate "1999.04.01"]
[SourceQuality "1"]

1. e4 e6 2. d4 d5 3. Nc3 Bb4 4. e5 c5 5. a3 Bxc3+ 6. bxc3 Ne7 7. Qg4 cxd4 8.
cxd4 Qc7 9. Ra2 (9. Kd1 O-O 10. Nf3 f6 (10... f5 11. Qh4 Nbc6 12. Bd3 Bd7 13.
Rg1 Ng6 14. Qh5 Nce7 15. Bd2 Rac8 16. Ke2 $14 {1-0 Kamsky,G-Nikolic,P/Amber
rapid 1996 (47)}) 11. Bd3 Nf5 12. Qh3 Nc6 13. g4 fxe5 14. dxe5 Nxe5 15. Nxe5
Qxe5 16. Rb1 Nh6 17. Re1 Qc7 18. Bxh6 gxh6 19. g5 $1 $16 {1-0 Spassky,
B-Kortchnoi,V/Belgrade mg#12 1977 (40)}) (9. Bd2 $6 Qxc2 $1 10. Qxg7 (10. Rc1
$2 Qe4+) 10... Rg8 11. Qh6 (11. Qf6 $2 Nf5 $1 12. Nf3 Nd7) 11... Qb2 $1 (11...
Nbc6 12. Nf3 Bd7 $15 {(Keres)}) 12. Rc1 Qxd4 13. Bc3 Qe4+ 14. Ne2 Nbc6 15. f3
Qf5 16. Qe3 Bd7 17. Ng3 Qg5 18. f4 Qh4 19. Bd3 $2 d4 $1 {0-1 Seiffert,
R-Uhlmann,W/DDR 1954 (19)}) (9. Ne2 $5 Qxc2 10. Qxg7 Rg8 11. Qh6 Nbc6 12. Qd2
Qxd2+ 13. Bxd2 Nf5 14. Bc3 b6 15. O-O-O Ba6 16. Nf4 $14 Bxf1 17. Rhxf1 $14 {
1-0 Ivkov,B-Pietzsch,W/Dresden 1959 (42)}) 9... Nf5 10. Nf3 Nc6 11. Bd2 (11.
Bd3 h5 $1 12. Qg5 (12. Qf4 Ncxd4 13. Nxd4 Qc3+ 14. Bd2 Qxd4 15. Bxf5 Qxf4 16.
Bxf4 exf5 $15) 12... Ncxd4 13. Nxd4 Qc3+ 14. Kf1 Qxd4 $15 15. Bxf5 $4 Qd1# {
0-1 Smart,L-Giddins,S/Gausdal TM 1994 (15)}) 11... Qb6 $1 {[%cal Rb6b1]} 12.
Ra1 Qb2 13. Rc1 Ncxd4 14. c3 $6 {N/} (14. Nxd4 Qxd4 15. Bb5+ Bd7 16. Qe2 Qe4
17. Bxd7+ Kxd7 18. Qxe4 dxe4 19. Rb1 Kc6 20. Rb4 Rhd8 21. Rxe4 Rd4 $15 {
1/2-1/2 Hjartarson,J-Nikolic,P/Reykjavik WCup 1991 (52)}) 14... Nc2+ 15. Kd1
Nxa3 16. Bd3 Bd7 17. Bxf5 exf5 18. Qxg7 O-O-O 19. Qxf7 Rhe8 20. Re1 $2 (20.
Qxh7 Nc4 {[%cal Re8e5]} 21. Rc2 (21. Bg5 Ba4+ 22. Ke1 Nxe5 23. Qxf5+ Bd7 24.
Qxe5 Rxe5+ 25. Nxe5 Re8 $19) 21... Qb1+ 22. Bc1 (22. Rc1 Qe4 $19) 22... Ba4 (
22... Rh8 23. Qf7) 23. Qxf5+ Kb8 $19 {[%cal Rd5d4]}) 20... Qb3+ 21. Ke2 Qc4+ (
21... Qc4+ 22. Kd1 Ba4+) 0-1

[Event "Mermaid Beach Club"]
[Site "Bermuda"]
[Date "1999.01.26"]
[Round "6"]
[White "Ashley, Maurice"]
[Black "Bacrot, Etienne"]
[Result "0-1"]
[WhiteElo "2473"]
[BlackElo "2561"]
[Annotator "Mikhalevski,V"]
[PlyCount "40"]
[EventDate "1999.01.21"]
[EventType "tourn"]
[EventRounds "13"]
[EventCountry "BER"]
[EventCategory "9"]
[SourceTitle "CBM 069"]
[Source "ChessBase"]
[SourceDate "1999.04.01"]
[SourceVersion "1"]
[SourceVersionDate "1999.04.01"]
[SourceQuality "1"]

1. e4 e5 2. Nf3 Nc6 3. d4 exd4 4. Nxd4 Bb4+ 5. c3 Bc5 {Favourite continuation
of A.Miles.Black has been preparing Nge7 followed by d5.} 6. Bb5 $146 {This
move is already a novelty.White usually preferes 6.Be3 or 6.N:c6(Kasparov-Leko,
Tilburg 1997).See my comments of Van der Wiel-Ernst,1998 in CBM66.} Nge7 ({Now
} 6... Qf6 $6 {is not logical as Black gets well-known position without a
tempo.} 7. Be3 {In the 4...Bc5 line white's bishop is still on f1 at the same
position.}) 7. O-O O-O 8. Bg5 Bb6 $1 {[%cal Gc6d4]} 9. Re1 (9. Bxc6 $6 dxc6 (
9... Bxd4 $2 10. Bxd7 $1 $16 Bxf2+ $140 $2 11. Rxf2 Bxd7 12. Rd2) 10. Nxc6 $6 (
10. Na3 $142) 10... bxc6 (10... Qxd1 $4 11. Nxe7+ $18) 11. Qxd8 Rxd8 12. Bxe7
Re8 $15) (9. Nf5 f6 10. Nxe7+ Nxe7 (10... Qxe7 $5 11. Qd5+ Kh8 12. Bf4 Ne5 $1 {
[%cal Gc7c6]}) 11. Bh4 d5 $11) (9. Nxc6 $142 $1 bxc6 (9... dxc6 10. Bc4 $5 $14
{[%mdl 16]} (10. Qxd8 Rxd8 11. Bc4 $14 {[%mdl 16] and White is slightly better
in both cases thanks to an extra pawn on the king side.} (11. Bxe7 $2 Re8 12.
Bxc6 bxc6 $15 (12... Rxe7 $5 13. Rd1 $1 g6 14. Rd8+ $140 $6 Kg7 15. Re8 $2 Rxe8
16. Bxe8 c6 $1 {[%csl Re8]})))) 10. Bc4 $1 {making d7-d5 difficult.} (10. Bd3
$5) 10... d5 {Black can try to get counterplay at the price of a pawn.} (10...
Qe8 $5 {[%cal Ge7g6,Gg6e5]}) 11. exd5 cxd5 12. Bxe7 Qxe7 13. Bxd5 (13. Qxd5
$143 Bg4 $1 14. h3 Rad8 $44) 13... Rb8 {[%csl Rf2][%cal Gc8a6,Gb8d8,Ge7f6]
with some compensation.}) 9... Nxd4 10. cxd4 d5 11. Nc3 (11. exd5 $5 f6 12. Bc4
{[%cal Gd5d6]} Kh8 $1 {[%cal Ge7d5]} (12... Nxd5 $143 13. Nc3 fxg5 (13... c6
14. Bf4 $14 {[%csl Rd5][%cal Gd1h5,Gd1f3]} (14. Bh4 $5 $14)) 14. Nxd5 Kh8 15.
Qd2 $14) 13. Bh4 $5 (13. Bd2 Nxd5 14. Nc3 c6) 13... Nf5 (13... Nxd5 14. Nc3 $14
) 14. Bg3 Bxd4 15. Nc3 Bxc3 16. bxc3 Nxg3 17. hxg3 $14 {[%csl Re6,Re7] /=}) (
11. e5 h6 $1 12. Bh4 (12. Be3 Nf5 $1 {[%csl Rd4][%cal Gd8h4]}) (12. Bxe7 Qxe7
$15 {[%csl Rd4][%cal Ge7h4]}) 12... c6 (12... g5 $5 13. Bg3 Nf5 {[%csl Rd4]})
13. Ba4 g5 14. Bg3 Nf5 {[%csl Rd4]}) 11... f6 12. Be3 Kh8 $5 13. Qd2 $6 (13.
exd5 $142 $5 Nxd5 14. Nxd5 Qxd5 15. Ba4 $5 {[%cal Ga4b3]}) (13. Bd3) 13... c6
14. Bd3 dxe4 15. Bxe4 Bf5 $1 {[%csl Rd4][%mdl 32] Exchange of white-squared
bishops is clearly in the Black's favour.} 16. Bf3 Be6 $1 {[%cal Ge7d5,Gd8d7]
[%mdl 32]} 17. Na4 $6 (17. Bf4 $142 Bd5 (17... Bf7 18. Rad1 Nd5 19. Bg3 (19.
Nxd5 $143 Bxd5 20. Bxd5 Qxd5 $15 {[%csl Rd4][%cal Gf8e8,Gd5a2]})) 18. Bg4 $1
$11) (17. d5 $6 Bxd5 $1 (17... cxd5 $4 18. Bxb6 Qxb6 19. Qe2 $18) (17... Nxd5
$4 18. Bxb6 $18 {[%cal Ge1e6]})) 17... Bd5 $1 {[%mdl 32] The prolongation of
the same strategy.} 18. Bg4 Ng6 $1 $15 {[%csl Rd4,Re3][%cal Gf6f5,Gf5f4] By
the series of strong moves Black takes initiative in his hands.} 19. Nc5 $4 {
[%mdl 8192] After this careless move White loses by force.} (19. Nc3 {was
necessary with chances to equalize.}) 19... f5 $19 {[%cal Gf5f4]} 20. Bg5 (20.
Bh5 f4 21. Bxg6 fxe3 22. Qxe3 hxg6 $19) 20... Ba5 $1 {[%mdl 64] Perhaps White
missed this strong intermediate move.Now all is over.} (20... Ba5 $1 21. b4 (
21. Qe3 f4 $1 22. Bxd8 fxe3 {[%cal Ge3f2]} 23. Rxe3 Bxd8 $19) (21. Qc1 Qc7 $19
{winning an exchange.} 22. Bf3 $140 Bxe1) 21... Bxb4 $1 22. Qxb4 Qxg5 23. Bh3
Nf4 $19) 0-1

[Event "Mermaid Beach Club"]
[Site "Bermuda"]
[Date "1999.02.03"]
[Round "12"]
[White "Elbilia, Jacques"]
[Black "Ashley, Maurice"]
[Result "0-1"]
[WhiteElo "2360"]
[BlackElo "2473"]
[PlyCount "45"]
[EventDate "1999.01.21"]
[EventType "tourn"]
[EventRounds "13"]
[EventCountry "BER"]
[EventCategory "9"]
[SourceTitle "EXT 2000"]
[Source "ChessBase"]
[SourceDate "1999.11.16"]
[SourceVersion "1"]
[SourceVersionDate "1999.11.16"]
[SourceQuality "1"]

1. d4 Nf6 2. c4 e6 3. Nc3 Bb4 4. Qc2 O-O 5. a3 Bxc3+ 6. Qxc3 b5 7. cxb5 c6 8.
bxc6 Nxc6 9. e3 Bb7 10. b3 Rc8 11. Qb2 Qb6 12. Nf3 Na5 13. Nd2 Ne4 14. Nc4 Rxc4
15. Bxc4 d5 16. Bd3 Nxb3 17. O-O Nxa1 18. Qxa1 Ba6 19. Bxa6 Qxa6 20. Qb2 Rc8
21. g3 h6 22. Kg2 Qd3 23. h4 0-1

[Event "Mermaid Beach Club"]
[Site "Bermuda"]
[Date "1999.02.04"]
[Round "13"]
[White "Ashley, Maurice"]
[Black "Gershon, Alik"]
[Result "1/2-1/2"]
[WhiteElo "2473"]
[BlackElo "2467"]
[PlyCount "41"]
[EventDate "1999.01.21"]
[EventType "tourn"]
[EventRounds "13"]
[EventCountry "BER"]
[EventCategory "9"]
[SourceTitle "EXT 2000"]
[Source "ChessBase"]
[SourceDate "1999.11.16"]
[SourceVersion "1"]
[SourceVersionDate "1999.11.16"]
[SourceQuality "1"]

1. e4 c5 2. Nf3 Nc6 3. d4 cxd4 4. Nxd4 Nf6 5. Nc3 d6 6. Bc4 Qb6 7. Nxc6 bxc6 8.
O-O g6 9. Be3 Qc7 10. h3 Bg7 11. f4 O-O 12. Qf3 Nd7 13. Rad1 e6 14. Bb3 Rb8 15.
Rd2 c5 16. Qe2 Nf6 17. Rfd1 Rb4 18. Rxd6 Nxe4 19. Nxe4 Rxe4 20. Qf3 Bb7 21. Rd7
1/2-1/2